Del infinito: el universo y los mundos : (Record no. 118226)

MARC details
000 -LEADER
fixed length control field 00643nam a22002057a 4500
005 - DATE AND TIME OF LATEST TRANSACTION
control field 20160711132136.0
008 - FIXED-LENGTH DATA ELEMENTS--GENERAL INFORMATION
fixed length control field 130904t sp||||| |||| 00| 0 spa d
020 ## - INTERNATIONAL STANDARD BOOK NUMBER
International Standard Book Number 8420627593
050 04 - LIBRARY OF CONGRESS CALL NUMBER
Classification number B783 .E76
Item number B78 1981
100 1# - MAIN ENTRY--PERSONAL NAME
Personal name Bruno, Giordano
245 10 - TITLE STATEMENT
Title Del infinito: el universo y los mundos :
Statement of responsibility, etc Giordano Bruno ; tr. Miguel A. Granada.
250 ## - EDITION STATEMENT
Edition statement 1a ed.
260 ## - PUBLICATION, DISTRIBUTION, ETC. (IMPRINT)
Place of publication, distribution, etc Madrid :
Name of publisher, distributor, etc Alianza,
Date of publication, distribution, etc 1993
300 ## - PHYSICAL DESCRIPTION
Extent 243 paginas. ;
Dimensions 20 cm.
490 ## - SERIES STATEMENT
Series statement Alianza universidad
500 ## - GENERAL NOTE
General note Título original: De l'infinito universo e mondi
650 #7 - SUBJECT ADDED ENTRY--TOPICAL TERM
Source of heading or term LEMB.
Topical term or geographic name as entry element Infinito
700 1# - ADDED ENTRY--PERSONAL NAME
Personal name Granada, A. MIguel.,
Relator term traductor.
942 ## - ADDED ENTRY ELEMENTS (KOHA)
Source of classification or shelving scheme Biblioteca del Cogreso de los Estados Unidos
Koha item type Libro
Holdings
Estado de pérdida Fuente de clasificación Estado del daño No para préstamo Ubicación permanente Ubicación actual Apartado o colección Fecha de adquisición Fuente de adquisición Edición Dependencia de educación superior (DES) Área del conocimiento Clasificación Código de Barras Date last seen Número de copia Tipo de recurso Nota pública
  Biblioteca del Cogreso de los Estados Unidos     Biblioteca de la Facultad de Físico Matemáticas Biblioteca de la Facultad de Físico Matemáticas General 11/07/2016 Donación 1a ed. Ingeniería y Arquitectura Ingeniería y Tecnología B783.E76 B78 1993 C:1 FFM000011719 11/07/2016 C:1 Libro Lectura